[Event "POL-ch U18"]
[Site "Leba"]
[Date "2007.03.29"]
[Round "8"]
[White "Kostrzewa, Michal"]
[Black "Chilkiewicz, Marek"]
[Result "1/2-1/2"]
[WhiteElo "1800"]
[BlackElo "1800"]
[PlyCount "107"]
[EventDate "2007.03.24"]
[EventType "swiss"]
[EventRounds "11"]
[EventCountry "POL"]
[SourceTitle "EXT 2011"]
[Source "ChessBase"]
[SourceDate "2010.11.26"]
[SourceVersion "1"]
[SourceVersionDate "2010.11.26"]
[SourceQuality "1"]

1. e4 c6 2. d4 d5 3. Nc3 dxe4 4. Nxe4 Nd7 5. Nf3 Ngf6 6. Bd3 e6 7. Bf4 Nxe4 8. Bxe4 Nf6 9. Qd3 c5 10. Qb5+ Qd7 11. Qxd7+ Nxd7 12. 0-0-0 f6 13. Bc7 Be7 14. d5 e5 15. d6 Bd8 16. Bxd8 Kxd8 17. Rd2 a5 18. Rhd1 Ra6 19. Bf5 g6 20. Be6 b5 21. c4 b4 22. g4 Re8 23. Bf7 Rf8 24. Be6 e4 25. Ne1 Ne5 26. Bxc8 Kxc8 27. h3 Nxc4 28. d7+ Kd8 29. Rc2 Ne5 30. Rxc5 Rc6 31. Rdd5 Kc7 32. Kd2 Rxc5 33. Rxc5+ Kxd7 34. Ke3 Kd6 35. Rc2 f5 36. g5 Rf7 37. b3 Rc7 38. Rd2+ Ke6 39. h4 Rc3+ 40. Ke2 Rh3 41. Rc2 Kd5 42. Ng2 Nd3 43. Rd2 Rf3 44. Ne3+ Kd4 45. Rxd3+ exd3+ 46. Kxf3 Kc3 47. Nc4 a4 48. Ke3 a3 49. f3 f4+ 50. Kf2 Kc2 51. Ke1 Kc1 52. Nd2 Kc2 53. Ne4 Kc1 54. Nd2 1/2-1/2

[Event "POL-ch U18"]
[Site "Leba"]
[Date "2007.03.26"]
[Round "4"]
[White "Kostrzewa, Michal"]
[Black "Bartnicki, Pawel"]
[Result "0-1"]
[WhiteElo "1800"]
[BlackElo "2032"]
[PlyCount "120"]
[EventDate "2007.03.24"]
[EventType "swiss"]
[EventRounds "11"]
[EventCountry "POL"]
[SourceTitle "EXT 2011"]
[Source "ChessBase"]
[SourceDate "2010.11.26"]
[SourceVersion "1"]
[SourceVersionDate "2010.11.26"]
[SourceQuality "1"]

1. e4 c5 2. Nf3 a6 3. Nc3 d6 4. g3 g6 5. Bg2 Bg7 6. 0-0 e6 7. d3 Ne7 8. Be3 0-0 9. Qd2 Re8 10. Nh4 Nbc6 11. f4 f5 12. Nd1 Qc7 13. c3 b5 14. Nf2 Rb8 15. e5 Nd5 16. Rfe1 Nxe3 17. Qxe3 Bb7 18. d4 cxd4 19. cxd4 Qb6 20. Nf3 Nb4 21. Qd2 Nd5 22. Rac1 Rbc8 23. b3 b4 24. Kh1 Nc3 25. Nd1 Ne4 26. Qe3 Rxc1 27. Qxc1 Rc8 28. Qb2 d5 29. Bf1 a5 30. Re3 Ba6 31. Kg1 Bxf1 32. Kxf1 h6 33. Kg2 g5 34. Re2 gxf4 35. gxf4 Qc6 36. Ne1 Qc1 37. Qxc1 Rxc1 38. Nb2 Nc3 39. Re3 Nxa2 40. Na4 Bf8 41. Nd3 Rc2+ 42. Kf1 Nc3 43. Nac5 Kf7 44. Nb7 Nb5 45. Ne1 Rc7 46. Nxa5 Nxd4 47. Rd3 Bc5 48. Rd1 Bb6 49. Ng2 Ra7 50. Rxd4 Bxd4 51. Nc6 Ra1+ 52. Ke2 Bc3 53. Nd8+ Ke7 54. Nc6+ Kd7 55. Nxb4 Bxb4 56. Kd3 Rd1+ 57. Ke3 d4+ 58. Ke2 Rd2+ 59. Kf1 Rxg2 60. Kxg2 d3 0-1